000
00408nam a2200145Ia 4500
008
100204s9999 xx 000 0 und d
082
_b
26338
100
_a
मोने उत्तरा
245
_a
कृतार्थ
260
_b
अविष्कार प्रकाशन
_c
2004
300
_a
152
630
_a
कृतार्थ
730
_a
कृतार्थ
942
_c
BOOK
999
_c
471519
_d
471516